Surnoms des clubs de rugby français - Statistiques

Statistiques générales
  • Ce quiz a été pris 24 fois
  • Le résultat moyen est 3 sur 15
Statistiques - réponses
Club Surnom % Correct
ASM Clermont Les Jaunards / les Arvernes / les Vulcans / les Asémistes / les jaune et bleu
60%
Stade Rochelais Les Maritimes / les Bagnards / le club à la caravelle / les jaune et noir
60%
Stade Français Les Soldats roses / les Stadistes / la Pink Army
35%
Racing 92 Les Racingmen / les ciel et blanc
30%
USA Perpignan Les Arlequins / les sang et or
25%
Montpellier HR Les Cistes
20%
CA Brive Les Coujous / les Gaillards / les Zèbres / les noir et blanc
20%
Oyonnax Rugby Les Oyomen / les noir et rouge
20%
Stade Montois Les Abeilles / les Guêpes
15%
Castres Olympique Les Olympiens / les bleu et blanc
15%
US Colomiers La Colombe
10%
Stade Niçois Les Aigles
10%
US Montauban Les Sapiacains
10%
US Dax Les Culs rouges / les rouge et blanc
5%
Valence-Romans DR Les Damiers
5%
Aucun quiz correspondant
Distribution des résultats
% des personnes avec chaque résultat
Percentile par nombre de réponses
Votre historique - résultats
Vous n’avez pas pris ce quiz